000 00435nam a22001457a 4500
003 OSt
008 250215b |||||||| |||| 00| 0 eng d
020 _a9788197978524
100 _aARORA, Shakti
245 _aThe Blockchain Revolution: Understanding The Future of Decentralized System
260 _aNew Delhi, Naples India: 2024.
_bNaples India: 2024.
_c2024.
300 _a290p.
650 _aFaculty Publication
942 _2ddc
_cBK
999 _c13135
_d13135